00570nam a22001577a 450000500170000001000150001702000110003203500140004303700130005708200080007010000220007824501850010026000410028527000650032630000210039120170616155912.0 aENG-118733 c175.00 aEN-102265 bDBAD/PUB a576 aV. Susmitha Priya aMicrobiology m.sc., entrance exams preparation material : cby V. Susmitha Priya, B. Malleswari, M. Ramesh [and.et. all] buseful for all universities and other competitive exams / aHyderabadbLorven Publicationsc2010 a3-5- 1108, Maruthi Complex, Narayanguda bHyderbade500029 a286p.c23cm(pbk)